Jednoduché účtovníctvo

Na minha lista:
Detalhes bibliográficos
Autor principal: Nižňanský, Štefan
Formato: Livro
Idioma:eslovaco
Publicado em: Žilina Hermes 1992
Edição:1. vyd.
Colecção:Podnikanie
Assuntos:
Tags: Adicionar Tag
Sem tags, seja o primeiro a adicionar uma tag!

MARC

LEADER 00000nam a2200000 4500
001 c002342
005 20221214091807.8
020 |a 80-85445-01-8 
041 0 |a slo 
044 |a SK 
245 1 0 |a Jednoduché účtovníctvo  |c Štefan Nižňanský 
250 |a 1. vyd. 
264 1 |a Žilina  |b Hermes  |c 1992 
300 |a 39 s. 
490 1 |a Podnikanie 
830 0 |a Podnikanie 
610 2 0 |a účtovníctvo jednoduché 
610 2 0 |a pojmy 
610 2 0 |a dane 
610 2 0 |a priznania daňové 
610 2 0 |a denníky účtovné 
100 1 |a Nižňanský, Štefan